000 00257nam a2200097Ia 4500
001 703931
005 20250826162401.0
008 250824s9999 xx 000 0 und d
245 0 _aGERÇEKTEN VE YALANCIKTAN
_cBRİGİTTEN LABBE
260 _bGÜNIŞIĞI YAYINLARI
999 _c703931
_d703931